Movies Quiz

Random Movies or Role Quiz

Actors' Movies by Role III Quiz Stats

 Plays Quiz Updated May 10, 2018

Challenge
Share
Tweet
Embed
Score 0/24 Timer 06:00
0 Plays Today
Hint Answer % Correct
GolferHappy Gilmore
88%
Cab DriverTaxi Driver
87.9%
Aircraft PilotAviator
85.2%
Death Row InmateThe Green Mile
84.8%
Radio DJGood Morning Vietnam
84.6%
GolferCaddyshack
79.4%
Aircraft PilotTop Gun
78.3%
Aircraft PilotIndependence Day
74.2%
HitmanNo Country for Old Men
68.3%
GolferTin Cup
66.3%
Aircraft PilotFlight
62.4%
GolferThe Legend of Bagger Vance
59.6%
Hint Answer % Correct
Death Row InmateDead Man Walking
54.3%
Cab DriverCollateral
53.4%
HitmanRoad to Perdition
51.4%
HitmanGrosse Pointe Blank/War Inc.
44.3%
Cab DriverThe Fifth Element
41.9%
Radio DJPirate Radio
27.7%
HitmanThe American
27.2%
Radio DJPlay Misty for Me
25.9%
Death Row InmateThe Life of David Gale
20.1%
Cab DriverStripes
19.1%
Death Row InmateDancer in the Dark
14.6%
Radio DJDo the Right Thing
12.5%

You're not logged in!

Compare scores with friends on all Sporcle quizzes.
OR
Log In

You Might Also Like...

Show Comments

Extras

Top Quizzes Today


Score Distribution

Your Account Isn't Verified!

In order to create a playlist on Sporcle, you need to verify the email address you used during registration. Go to your Sporcle Settings to finish the process.

Report this User

Report this user for behavior that violates our Community Guidelines.

Details: